| Поле | Название | Значение |
| |
Тип записи |
a |
| |
Библиографический уровень |
m |
| 001 |
Контрольный номер |
RU\infra-m\znanium\bibl\2235755 |
| 005 |
Дата корректировки |
20260429142155.3 |
| 008 |
Кодируемые данные |
260120s2025 RU g rus u |
| 020 |
Индекс ISBN |
__ |
| a |
ISBN |
978-5-00139-079-4 |
| 040 |
Источник каталогиз. |
__ |
| a |
Служба первич. каталог. |
Общество с ограниченной ответственностью «ЗНАНИУМ» |
| 041 |
Код языка издания |
__ |
| a |
Код языка текста |
rus |
| 044 |
Код страны публикации |
__ |
| a |
Код страны публикации |
RU |
| 080 |
Индекс УДК |
__ |
| a |
Индекс УДК |
94 |
| 084 |
Индекс другой классификации/Индекс ББК |
__ |
| 2 |
Источник индекса |
rubbk |
| a |
Индекс другой классификации/Индекс ББК |
633 |
| 084 |
Индекс другой классификации/Индекс ББК |
__ |
| 2 |
Источник индекса |
okso |
| a |
Индекс другой классификации/Индекс ББК |
46.03.01 |
| 084 |
Индекс другой классификации/Индекс ББК |
__ |
| 2 |
Источник индекса |
okso |
| a |
Индекс другой классификации/Индекс ББК |
46.04.01 |
| 100 |
Автор |
__ |
| a |
Автор |
Джонс Д. |
| q |
Полное имя |
Джонс Дэн |
| 245 |
Заглавие |
__ |
| a |
Заглавие |
Плантагенеты. Короли и королевы, создавшие Англию |
| b |
Продолж. заглавия |
Научно-популярная литература |
| 250 |
Сведения об издании |
__ |
| a |
Основные сведения об издании |
1 |
| 260 |
Выходные данные |
__ |
| a |
Место издания |
Москва |
| b |
Издательство |
ООО "Альпина нон-фикшн" |
| c |
Дата издания |
2026 |
| 300 |
Физическое описание |
__ |
| a |
Объем |
688 с. |
| 520 |
Аннотация |
__ |
| a |
Аннотация |
Первые короли династии Плантагенетов унаследовали от своих предков-норманнов залитое кровью царство и превратили его в империю простиравшуюся от Шотландии до Палестины. В этой эпической хронике мужества предательства амбиций и обмана Дэн Джонс воскрешает непокорную королевскую династию каждый представитель которой был замечательной и запоминающейся фигурой. Перед глазами читателя пройдут: Генрих II и его жена Алиенора Аквитанская дважды королева и самая известная женщина в христианском мире; их сын Ричард Львиное Сердце который сражался с Саладином в Третьем крестовом походе; и его коварный брат король Иоанн вынужденный подписать Великую хартию вольностей ставшую первым в Европе примером ограничения королевского произвола. Сочетая последние академические исследования с даром рассказчика Джонс ярко воссоздает великие битвы при Бэннокберне Креси и Слёйсе и показывает как короли Эдуард II и Ричард II встретили свои последние дни. Это эпоха рыцарства и Черной смерти тамплиеров основания парламента и Столетней войны когда национальное самосознание Англии было выковано мечом и судейским молотком. |
| 521 |
Примеч. о цел. назн. |
__ |
| a |
Примеч. о целев. назн. |
Дополнительное профессиональное образование |
| 650 |
Тематические рубрики |
__ |
| a |
Основная рубрика |
История. Исторические науки |
| 655 |
Указ. предметных рубрик (устаревшее) |
__ |
| a |
Жанр/ форма (устаревшее) |
Научно-популярная литература |
| 856 |
Электронный адрес документа |
4_ |
| a |
Имя сервера/домена |
znanium.ru |
| m |
Помощь |
ebs_support@infra-m.ru |
| n |
Местонахождение сервера |
НИЦ ИНФРА-М |
| u |
URL |
https://znanium.ru/catalog/document?id=473776 |
| 856 |
Электронный адрес документа |
48 |
| a |
Имя сервера/домена |
znanium.ru |
| d |
Путь |
/cover/2235 |
| f |
Электронное имя |
2235755.jpg |
| q |
Тип электронного формата |
image/jpeg |
| u |
URL |
https://znanium.ru/cover/2235/2235755.jpg |
| 911 |
|
__ |
| u |
|
0030=https://znanium.ru/catalog/document?id=473776 |